[Event "FRA-ch U18 Girls"]
[Site "Vichy"]
[Date "2025.05.01"]
[Round "6"]
[White "Troadec, Melusine"]
[Black "Schebacher, Solene"]
[Result "0-1"]
[WhiteElo "1658"]
[BlackElo "1821"]
[PlyCount "111"]
[EventDate "2025.04.27"]
[EventType "swiss"]
[EventRounds "9"]
[EventCountry "FRA"]
[SourceTitle "CB19_2025"]
[SourceDate "2025.05.07"]
[SourceVersion "1"]
[SourceVersionDate "2025.05.07"]
[SourceQuality "1"]

1. c4 e5 2. g3 Nf6 3. Bg2 Nc6 4. Nc3 Bc5 5. e3 d5 6. cxd5 Nb4 7. d4 exd4 8. exd4 Be7 9. Nge2 Nbxd5 10. 0-0 0-0 11. Nxd5 Nxd5 12. Nf4 Nf6 13. h3 Rb8 14. Be3 Bf5 15. d5 a6 16. Qd4 Bd6 17. Rfe1 Qd7 18. Kh2 Rfe8 19. Bd2 b6 20. Nd3 Qb5 21. Nb4 Bxb4 22. Bxb4 Qd7 23. Bc3 Rxe1 24. Rxe1 Re8 25. Rxe8+ Nxe8 26. Qc4 a5 27. Be5 Bg6 28. Kg1 Nd6 29. Qc6 Qxc6 30. dxc6 Ne8 31. Kf1 f6 32. Bc3 Bf7 33. a3 Bc4+ 34. Ke1 Kf7 35. b4 axb4 36. Bxb4 Ke6 37. f4 Bd5 38. f5+ Ke5 39. Bc3+ Kd6 40. Bf1 Bxc6 41. Bc4 Bd5 42. Bb5 c6 43. Bd3 Kc5 44. Kf2 Bc4 45. Bc2 Kd5 46. Ke3 Bf1 47. h4 Nd6 48. Bb3+ Nc4+ 49. Kf4 c5 50. g4 Kd6 51. a4 Ne5 52. g5 c4 53. gxf6 gxf6 54. Bc2 Nd7 55. Ke3 Ne5 56. Ke4 0-1